Word Ladder: Vroom! Vroom! Quiz Stats

 Plays Quiz Updated Aug 9, 2017

Support Sporcle.
Go Orange.
Score 0/40 Timer 04:00
0 Plays Today
Hint 4-Letter Word % Correct
• Secure a car door ••LOCK•
94.9%
5,280 feetMILE
94.8%
Large stoneROCK
94.1%
Ship or watercraftBOAT
93.5%
Valentine flowerROSE
93.1%
Corner piece in chessROOK
92.9%
See or examineLOOK
92.8%
• The top of a vehicle ••ROOF•
92.6%
Overseer or managerBOSS
92.5%
• Place a vehicle in a space ••PARK•
92.5%
Lowest male voiceBASS
92.2%
Goal in golfHOLE
92%
Trout or cod, e.g.FISH
91.8%
Grade a student's workMARK
91.8%
• Rapid or speedy ••FAST•
91.8%
Mate of a stallionMARE
91.7%
• Overtake another vehicle ••PASS•
91.7%
Grip or retain in your handHOLD
91.6%
• Rubber cover of wheel in the US ••TIRE•
91.3%
Time before todayPAST
91%
Hint 4-Letter Word % Correct
Hand for punchingFIST
90.7%
Volume of printed workBOOK
90.5%
Feathery scarvesBOAS
90%
• Trunk in UK ••BOOT•
89.6%
Painful or discolored skin conditionRASH
89.3%
Section or detailPART
89%
PlateDISH
89%
• Control panel of car ••DASH•
88.9%
• Tubing attached to the radiator ••HOSE•
88.8%
• Car bonnet in US ••HOOD•
88.6%
• Place for a passenger ••SEAT•
88.5%
___ HashanahROSH
87.4%
SwampMIRE
87.1%
Capital of The MaldivesMALÉ
86%
High qualityGOOD
84.1%
Fool (around)GOOF
82.8%
Conquer or overcomeBEAT
82.6%
• Safety feature of a vehicle ••BELT•
82.5%
Egyptian goddess of catsBAST
65.7%
One from Latvia, Estonia, or LithuaniaBALT
64%

Today's Daily Dose

Word Ladder
New Dimensions!

Quick Pick
'Animal' Fish

Get the Picture
Bird or Food?

You're not logged in!

Compare scores with friends on all Sporcle quizzes.
OR
Log In
Forgot?

From the Vault

'W' Logos

by Quizmaster91

Let's get real here, a W looks nothing like a U, and as soon as we all admit that, we'll have grown as a society.
Remove Ads.
Support Sporcle.
Get the best of Sporcle when you Go Orange. This ad-free experience offers more features, more stats, and more fun while also helping to support Sporcle. Thank you for becoming a member.

Show Comments

Extras

Top Quizzes Today


Score Distribution

Your Account Isn't Verified!

In order to create a playlist on Sporcle, you need to verify the email address you used during registration. Go to your Sporcle Settings to finish the process.

Report this User

Report this user for behavior that violates our Community Guidelines.

Details: